书目信息 |
| 题名: |
砖石之上
|
|
| 作者: | 蔡青 , 蔡亦非 著 | |
| 分册: | ||
| 出版信息: | 北京 中央编译出版社 2019 |
|
| 页数: | 415页 | |
| 开本: | 26cm | |
| 丛书名: | ||
| 单 册: | ||
| 中图分类: | TU-092.2 , TU | |
| 科图分类: | ||
| 主题词: | 城墙--古建筑--建筑艺术--研究--北京 , 建筑学 | |
| 电子资源: | ||
| ISBN: | 978-7-5117-3748-9 | |
| 000 | 01910nam0 2200301 450 | |
| 001 | 2160238443 | |
| 005 | 20211116164409.24 | |
| 010 | @a978-7-5117-3748-9@dCNY149.00 | |
| 100 | @a20200713d2019 em y0chiy50 ea | |
| 101 | 0 | @achi |
| 102 | @aCN@b110000 | |
| 105 | @aak az 000yy | |
| 200 | 1 | @a砖石之上@9zhuan shi zhi shang@e北京古城垣寻考@dBeyond the brick@eresearch on the Beijing ancient city@f蔡青,蔡亦非著@zeng |
| 210 | @a北京@c中央编译出版社@d2019 | |
| 215 | @a415页@c图,照片@d26cm | |
| 314 | @a蔡青,1957年11月生于北京。中央工艺美术学院(现清华大学美术学院)环境艺术专业研究生毕业,获文学硕士学位。天津大学建筑学院毕业,获工学博士学位。清华大学高级工程师,清控人居建设集团北京清尚建筑设计研究院高级建筑装饰设计师、高级工艺美术师、高级室内建筑师 ; 蔡亦非,1991年8月生于北京。2018年,毕业于美国雪城大学(Syracuse University)建筑学院,获建筑学硕士学位。毕业设计重点研究北京城市与建筑共生关系,获荣誉毕业设计奖。 | |
| 320 | @a有书目(第413-414页) | |
| 330 | @a本书以北京的“城”为主线,以城墙、城门、城砖为三个主题,共同架构一个内容关联紧密的研究系列,以期通过详实地解读古都北京的城墙、城门和城砖,探究这座古城深厚而又多元的历史文化价值。城墙部分,作者根据实地考察及史料对城墙的规制、构造及演变历史进行了详细的描述,并辅以珍贵的城墙老照片二十多张、专业绘制剖面图二十多幅。城门部分,对城门的建筑形制、构造、演进过程和城门文化进行了详细记述,并辅以珍贵的城门老照片三十多张、专业绘制平面图(剖面图、立面图)六十多幅。城砖部分,从城砖的产地变迁、款识类别、造办体制、检验标准等角度做了详细考察,并辅以七十多张城砖照片。 | |
| 510 | 1 | @aBeyond the brick@eresearch on the Beijing ancient city@zeng |
| 517 | 1 | @a北京古城垣寻考@9bei jing gu cheng yuan xun kao |
| 606 | 0 | @a城墙@x古建筑@x建筑艺术@x研究@y北京 |
| 606 | 0 | @a建筑学 |
| 690 | @aTU-092.2@v5 | |
| 690 | @aTU@v4 | |
| 701 | 0 | @a蔡青@9Cai Qing@f(1957-)@4著 |
| 701 | 0 | @a蔡亦非@9cai yi fei@f(1991-)@4著 |
| 801 | 0 | @aCN@b山东中教@c20211112 |
| 905 | @aZUCC@dTU@e22 | |
| 砖石之上:北京古城垣寻考=Beyond the brick:research on the Beijing ancient city/蔡青,蔡亦非著.-北京:中央编译出版社,2019 |
| 415页:图,照片;26cm |
| ISBN 978-7-5117-3748-9:CNY149.00 |
| 本书以北京的“城”为主线,以城墙、城门、城砖为三个主题,共同架构一个内容关联紧密的研究系列,以期通过详实地解读古都北京的城墙、城门和城砖,探究这座古城深厚而又多元的历史文化价值。城墙部分,作者根据实地考察及史料对城墙的规制、构造及演变历史进行了详细的描述,并辅以珍贵的城墙老照片二十多张、专业绘制剖面图二十多幅。城门部分,对城门的建筑形制、构造、演进过程和城门文化进行了详细记述,并辅以珍贵的城门老照片三十多张、专业绘制平面图(剖面图、立面图)六十多幅。城砖部分,从城砖的产地变迁、款识类别、造办体制、检验标准等角度做了详细考察,并辅以七十多张城砖照片。 |
| ● |
| 相关链接 |
|
|
|
正题名:砖石之上
索取号:TU/22
 
预约/预借
| 序号 | 登录号 | 条形码 | 馆藏地/架位号 | 状态 | 备注 |
| 1 | 2000888223 | 2000888223 | 第三书库/ [索取号:TU/22] | 在馆 | |
| 2 | 2000888224 | 2000888224 | 第三书库/ [索取号:TU/22] | 在馆 | |
| 3 | 2000888225 | 2000888225 | 第三书库/ [索取号:TU/22] | 在馆 |